MARC

LEADER 00000nam0a2200000 4500
001 361315
005 20231102011357.0
035 |a (RuTPU)RU\TPU\retro\18641 
090 |a 361315 
100 |a 20210603d1974 km y0rusy50 ca 
101 1 |a rus  |c fre 
102 |a RU 
105 |a a z 001zb 
200 1 |a Избранные научные труды. Кристаллографические этюды  |e пер. с фр.  |f О. Браве  |g отв. ред. Б. Н. Делоне, И. И. Шафрановский ; пер. П. Л. Дубова 
210 |a Ленинград  |c Наука  |d 1974 
215 |a 419 с.  |c ил. 
225 1 |a Классики науки 
320 |a Библиогр.: с. 413-415 
600 1 |a Браве  |b О.  |c французский физик  |c основатель кристаллографии  |f 1811-1863  |g Огюст  |2 stltpush  |3 (RuTPU)RU\TPU\pers\46960 
606 1 |a Кристаллография  |x История  |2 stltpush  |3 (RuTPU)RU\TPU\subj\79942  |9 87959 
610 1 |a кристаллы 
610 1 |a решеточные структуры 
610 1 |a математические основы 
610 1 |a квадратичные формы 
610 1 |a ученые 
610 1 |a персоналии 
675 |a 548(09)  |v 4 
700 1 |a Браве  |b О.  |g Огюст 
702 1 |a Делоне  |b Б. Н.  |c российский геометр  |c профессор МГУ  |f 1890-1980  |g Борис Николаевич  |2 stltpush  |3 (RuTPU)RU\TPU\pers\23650  |4 340  |9 10331 
702 1 |a Шафрановский  |b И. И.  |4 340 
702 1 |a Дубова  |b П. Л.  |4 730 
712 0 2 |a Академия наук СССР  |c (Ленинград/Москва)  |c (1925-1991)  |2 stltpush  |3 (RuTPU)RU\TPU\col\722  |9 23473 
801 1 |a RU  |b 63413507  |c 20210603 
801 2 |a RU  |b 63413507  |c 20210916  |g RCR 
942 |c BK